logo

Bir Sreshtho Munshi Abdur Rouf Library
Jhenaidah Cadet College

The things you can see only when you slow down / (Record no. 14172)

MARC details
000 -LEADER
fixed length control field 00693nam a2200241 a 4500
001 - CONTROL NUMBER
JCCL Control Number 14172
003 - CONTROL NUMBER IDENTIFIER
JCCL marc code BD-JhCC
005 - DATE AND TIME OF LATEST TRANSACTION
control field 20250208115033.0
008 - FIXED-LENGTH DATA ELEMENTS--GENERAL INFORMATION
fixed length control field 250208b2017 e a|||| ||a| 001 0 eng d
020 ## - INTERNATIONAL STANDARD BOOK NUMBER
International Standard Book Number 9780241298190
035 ## - SYSTEM CONTROL NUMBER
system control number (BD-JhCC)14172
040 ## - CATALOGING SOURCE
Original cataloging agency BD-JhCC
Modifying agency BD-JhCC
041 ## - LANGUAGE CODE
Language code of Book english
082 ## - DEWEY DECIMAL CLASSIFICATION NUMBER
Classification number 158.1
Author mark and Year SUN 2023
100 ## - MAIN ENTRY--PERSONAL NAME
Personal name Sunim,Haemin
245 ## - TITLE STATEMENT
Title The things you can see only when you slow down /
Statement of responsibility, etc Haemin Sunim , Chi-Young Kim
260 ## - PUBLICATION, DISTRIBUTION, ETC. (IMPRINT)
Place of publication, distribution, etc London:
Name of publisher, distributor, etc Penguin Life;
Date of publication, distribution, etc 2017.
300 ## - PHYSICAL DESCRIPTION
Pagination 154 p. :
Other physical details ill;
Dimensions 20 cm.
651 ## - SUBJECT ADDED ENTRY--GEOGRAPHIC NAME
Geographic name Applied Psychology & Personal Growth.
Geographic subdivision Self-help and meditation
700 ## - ADDED ENTRY--PERSONAL NAME
Personal name Kim,Chi-Young
942 ## - ADDED ENTRY ELEMENTS (KOHA)
Source of classification or shelving scheme Dewey Decimal Classification
Koha item type Books
Holdings
Source of classification or shelving scheme volume number Damaged status Not for loan Home library Current library Shelving location Date of accession Source of acquisition Cost, normal purchase price Total Checkouts Full call number Barcode Checked out Date last seen Date checked out Copy number Method of acquisition Koha item type Currency
Dewey Decimal Classification V-1     JCC Rouf Library JCC Rouf Library General Stacks   With the compliments of Maj (Retd) Syed Sakhawat Hussain,07/0388/K 100.00 6 158.1 SUN 2023 19954 09/11/2025 08/18/2025 08/18/2025 C-1 Gift/Donation Books BDT
Dewey Decimal Classification V-1     JCC Rouf Library JCC Rouf Library General Stacks   With the compliments of Maj (Retd) Syed Sakhawat Hussain,07/0388/K 100.00 1 158.1 SUN 2023 19953 08/13/2025 07/20/2025 07/20/2025 C-2 Gift/Donation Books BDT

JCC Library | Contacts | JCC Home

Last Update on 23 September 2017
Copyright @ 2017-2020 JCC Rouf Library
Rouf Library, Jhenidah Cadet College (JCC), Bangladesh